Ciudades seguras III : (Registro nro. 28734)

Detalles MARC
000 -LEADER
fixed length control field 00817nam a2200229Ia 4500
003 - CONTROL NUMBER IDENTIFIER
control field CO-CtgCURN
005 - DATE AND TIME OF LATEST TRANSACTION
control field 20250408231440.0
008 - FIXED-LENGTH DATA ELEMENTS--GENERAL INFORMATION
fixed length control field 190723s9999 xx 000 0 und d
020 ## - INTERNATIONAL STANDARD BOOK NUMBER
International Standard Book Number 968166695X
040 ## - CATALOGING SOURCE
Original cataloging agency CO-CtgCURN
Language of cataloging spa
Transcribing agency coctgcurn
082 ## - DEWEY DECIMAL CLASSIFICATION NUMBER
Classification number 345
Item number T312
100 ## - MAIN ENTRY--PERSONAL NAME
Personal name Tenorio Tagle, Fernando
245 #0 - TITLE STATEMENT
Title Ciudades seguras III :
Remainder of title el sistema de justicia penal en la ciudad de México /
Statement of responsibility, etc. Fernando Tenorio Tagle
260 ## - PUBLICATION, DISTRIBUTION, ETC.
Place of publication, distribution, etc. México :
Name of publisher, distributor, etc. Universidad Autonoma Metropolitana,
Date of publication, distribution, etc. 2002
300 ## - PHYSICAL DESCRIPTION
Extent 168 páginas ;
Dimensions 23 centímetros
521 ## - TARGET AUDIENCE NOTE
Target audience note AREA PROFESIONAL
590 ## - LOCAL NOTE (RLIN)
Local note Programa de Derecho_18
650 ## - SUBJECT ADDED ENTRY--TOPICAL TERM
Topical term or geographic name entry element Justicia penal
942 ## - ADDED ENTRY ELEMENTS (KOHA)
Koha item type Libros
Classification part 345
Item part T312
Source of classification or shelving scheme Dewey Decimal Classification
Suppress in OPAC No
Existencias
Withdrawn status Lost status Damaged status Not for loan Collection Home library Current library Shelving location Date acquired Inventory number Total checkouts Full call number Barcode Date last seen Copy number Price effective from Koha item type
          Miguel Henríquez Castañeda Barranquilla Miguel Henríquez Castañeda Barranquilla General 05/23/2018 01861   345 T312 01861 07/23/2019 ej.1 07/23/2019 Libros
          Miguel Henríquez Castañeda Barranquilla Miguel Henríquez Castañeda Barranquilla General 05/23/2018 01862   345 T312 01862 07/23/2019 ej.2 07/23/2019 Libros